An economic theory of business strategy : An essay in dynamics without equilibrium
Gespeichert in:
| 1. Verfasser: | |
|---|---|
| Format: | Buch |
| Sprache: | Undetermined |
| Veröffentlicht: |
Oxford
Martin Robertson
1981
|
| Schlagworte: | |
| Tags: |
Tag hinzufügen
Keine Tags, Fügen Sie den ersten Tag hinzu!
|
| Thư viện lưu trữ: | Trung tâm Học liệu Trường Đại học Cần Thơ |
|---|
| LEADER | 00542nam a2200193Ia 4500 | ||
|---|---|---|---|
| 001 | CTU_86660 | ||
| 008 | 210402s9999 xx 000 0 und d | ||
| 082 | |a 658.15 | ||
| 082 | |b M913 | ||
| 100 | |a Moss, Scott J. | ||
| 245 | 3 | |a An economic theory of business strategy : | |
| 245 | 3 | |b An essay in dynamics without equilibrium | |
| 245 | 0 | |c Scott j. Moss | |
| 260 | |a Oxford | ||
| 260 | |b Martin Robertson | ||
| 260 | |c 1981 | ||
| 650 | |a Industrial management | ||
| 904 | |i Năm | ||
| 980 | |a Trung tâm Học liệu Trường Đại học Cần Thơ | ||